000 01598nam0a2200361 4500
001 RU\NLR\b_ik\129798
005 20260407114004.0
010 _a9984-9333-3-4
035 _a(NLR Aleph) 002203175
090 _a3068184
_c3068184
100 _a20050607d2005 |||y0rusy50 ca
101 0 _alav
_aeng
102 _aRU
105 _aach |||||||||
200 1 _aLatvija Eiropas Padomē - 10 gadi
_dLatvia in the Council of Europe - 10 years
_f[sast. Uldis Krastin'š
_gred. Laura Riekstin'a]
_zeng
210 _aRīga
_cEiropas Padomes informācijas birojs
_dcop. 2005
215 _a93 с.
_cцв. ил., факс., портр.
_d28
300 _aТекст парал. на латыш. и англ. яз.
510 1 _aLatvia in the Council of Europe - 10 years
_zeng
541 0 _aЛатвия в Совете Европы - 10лет
_zrus
601 0 2 _aСовет Европы
_xВзаимоотношения
_yЛатвийская Республика
_92401737
_3RU\NLR\AUTH\661431598
607 _aЛатвийская Республика
_xВзаимоотношения
_xСовет Европы
_92401740
_3RU\NLR\AUTH\661431599
686 4 _aТ3(4Лат)74-6
686 4 _aТ3(0)63-612.39
702 1 _aKrastin'š
_bU.
_f1933-
_gUldis
_4220
702 1 _aRiekstin'a
_bL.
_gLaura
_4340
712 0 2 _4570
_8lav
_aEiropas Padomē
_7ba
_3RU\NLR\AUTH\8810066027
_9633676
801 0 _aRU
_bNLR
_c20050607
_gPSBO
852 _aNLR
_bОНЛ
_jЛатыш./4-1238
942 _cBOOK
980 _aNB